[Event "Cologne Longerich op 09th"]
[Site "Cologne"]
[Date "2012.08.03"]
[Round "1"]
[White "Schnier, Steffen"]
[Black "Kaiser, Anton"]
[Result "1-0"]
[WhiteElo "1610"]
[BlackElo "1124"]
[PlyCount "61"]
[EventDate "2012.08.03"]
[EventType "tourn"]
[EventRounds "5"]
[EventCountry "GER"]
[SourceTitle "EXT 2017"]
[Source "ChessBase"]
[SourceDate "2016.10.25"]
[SourceVersion "1"]
[SourceVersionDate "2016.10.25"]
[SourceQuality "1"]

1. e4 c5 2. Nc3 e5 3. Nf3 Nc6 4. Bc4 Nf6 5. Ng5 d5 6. exd5 Nd4 7. d3 Bd6 8. Nce4 0-0 9. Nxd6 Qxd6 10. Ne4 b5 11. Nxd6 bxc4 12. dxc4 Rd8 13. Nxc8 Raxc8 14. c3 Nf5 15. Bg5 e4 16. Bxf6 gxf6 17. 0-0 Kh8 18. Qh5 Nd6 19. Rae1 f5 20. Re3 Rg8 21. Rg3 f6 22. Qh6 Ne8 23. f3 e3 24. Re1 f4 25. Qxf4 Ng7 26. Qxf6 Rcf8 27. Qh6 Nf5 28. Rxg8+ Rxg8 29. Qf6+ Ng7 30. Rxe3 Rf8 31. Qxf8# 1-0

[Event "Maastricht Limburg op-C 6th"]
[Site "Maastricht"]
[Date "2012.05.28"]
[Round "7"]
[White "Stiefel, Marika"]
[Black "Kaiser, Anton"]
[Result "1-0"]
[WhiteElo "1645"]
[BlackElo "1192"]
[PlyCount "73"]
[EventDate "2012.05.25"]
[EventType "swiss"]
[EventRounds "7"]
[EventCountry "NED"]
[SourceTitle "EXT 2013"]
[Source "ChessBase"]
[SourceDate "2012.11.22"]
[SourceVersion "1"]
[SourceVersionDate "2012.11.22"]
[SourceQuality "1"]

1. d4 c5 2. Nf3 cxd4 3. Nxd4 e5 4. Nb3 d5 5. e3 Nf6 6. Be2 Be7 7. 0-0 0-0 8. N1d2 Nc6 9. c3 e4 10. Nd4 Ne5 11. h3 a6 12. Qc2 Bd6 13. c4 Be6 14. cxd5 Bxd5 15. Nf5 Rc8 16. Qb1 Qd7 17. Ng3 Nf3+ 18. Nxf3 exf3 19. Bxf3 Bxf3 20. gxf3 Qxh3 21. Qf5 Qh4 22. Kg2 Rc5 23. Qh3 Qg5 24. e4 Qg6 25. Be3 Rc2 26. Bd4 Kh8 27. e5 Bc5 28. Bxc5 Rxc5 29. exf6 gxf6 30. Rh1 Rg5 31. Qh6 Rg8 32. Qxg6 R8xg6 33. Rad1 f5 34. Rd8+ Kg7 35. Kf1 f4 36. Nh5+ Kh6 37. Nxf4+ 1-0

[Event "Cologne Longerich op 8th"]
[Site "Cologne"]
[Date "2011.08.14"]
[Round "4"]
[White "Reinartz, Ulrich"]
[Black "Kaiser, Anton"]
[Result "1-0"]
[WhiteElo "1668"]
[BlackElo "1217"]
[PlyCount "59"]
[EventDate "2011.08.12"]
[EventType "swiss"]
[EventRounds "5"]
[EventCountry "GER"]
[SourceTitle "EXT 2017"]
[Source "ChessBase"]
[SourceDate "2016.10.25"]
[SourceVersion "1"]
[SourceVersionDate "2016.10.25"]
[SourceQuality "1"]

1. e4 c5 2. c3 Nc6 3. Nf3 e5 4. d4 cxd4 5. cxd4 Nf6 6. d5 Na5 7. Nc3 Bb4 8. Bg5 Qb6 9. Bd3 h6 10. Be3 Qc7 11. 0-0 a6 12. Rc1 Nc4 13. Ne2 Nxe3 14. Rxc7 Nxd1 15. Rxd1 Ba5 16. Rc2 d6 17. Rdc1 0-0 18. a3 b5 19. b4 Bb6 20. Rc6 Rb8 21. Rxd6 Bg4 22. Nxe5 Bxe2 23. Bxe2 Nxe4 24. Rdc6 Nxf2 25. Rxb6 Rxb6 26. Nd7 Rf6 27. Nxf6+ gxf6 28. Kxf2 Rd8 29. Bf3 Rd6 30. Rc6 1-0